Charmaine Solomon Asian collection : more than 700 of her best recipes

Bibliographic Details
Main Author: Solomon, Charmaine
Format: Book
Published: Australia : Lansdowne Publishing , 1995
Subjects:

MARC

LEADER 00000cam a2200000 7i4500
001 0000006938
002 000007472
005 20000330.0
020 |a 1863024816 
090 0 0 |a 641.595   |b SOL 
100 1 |a Solomon, Charmaine 
245 1 0 |a Charmaine Solomon Asian collection :   |b more than 700 of her best recipes   |c Charmaine Solomon 
260 |a Australia :   |b Lansdowne Publishing ,   |c 1995 
300 |a 320p. ;   |c 29cm. 
650 0 0 |a Cookery, Oriental 
999 |a 048762   |b BUKU   |c PINJAMAN   |e PERPUSTAKAAN KOMUNITI PETALING JAYA 
999 |a 051205   |b BUKU   |c PINJAMAN   |e PERPUSTAKAAN KOMUNITI PETALING JAYA 
999 |a 051206   |b BUKU   |c PINJAMAN   |e PERPUSTAKAAN KOMUNITI PETALING JAYA